| 000 | 00457cam a22001454a 4500 | ||
|---|---|---|---|
| 020 | _a1594543259 | ||
| 050 | 0 | 0 |
_aTD878 _b.T75 2005 |
| 245 | 0 | 0 |
_aTrends in agriculture and soil pollution research / _cJames V. Livingston, (editor). |
| 260 |
_aNew York : _bNova Science, _cc2005. |
||
| 300 | _avi, 236 p. : | ||
| 650 | 0 | _xEnvironmental aspects. | |
| 700 | 1 | _aLivingston, James V. | |
| 856 | 4 | 1 | _uhttp://www.loc.gov/catdir/toc/ecip0512/2005011308.html |
| 942 | _cGEN | ||
| 999 |
_c796 _d796 |
||